Rape culture on campus
"This book explores the failures of existing responses to sexual violence on university campuses and advocates for more long-term interventions. Written for educators, administrators, activists, and students, this book exposes the various aspects of rape culture in academic life" --
| Main Author: | |
|---|---|
| Format: | Print Book |
| Language: | English |
| Published: |
Lanham Boulder New York London
Lexington Books
2018
|
| In: | Year: 2018 |
| Online Access: |
Table of Contents Blurb |
| Availability in Tübingen: | Present in Tübingen. UB: KB 20 A 9761 |
| Check availability: | HBZ Gateway |
| Subito Delivery Service: | Order now. |
| Keywords: |
MARC
| LEADER | 00000cam a2200000 c 4500 | ||
|---|---|---|---|
| 001 | 164271903X | ||
| 003 | DE-627 | ||
| 005 | 20251225204615.0 | ||
| 007 | tu | ||
| 008 | 181001s2018 xxu||||| 00| ||eng c | ||
| 016 | 7 | |a GBB8C4671 |2 UK | |
| 020 | |a 9781498565141 |c hbk. : £60.00 |9 978-1-4985-6514-1 | ||
| 035 | |a (DE-627)164271903X | ||
| 035 | |a (DE-576)511444524 | ||
| 035 | |a (DE-599)BSZ511444524 | ||
| 035 | |a (OCoLC)1060732494 | ||
| 035 | |a (OCoLC)1060732494 | ||
| 035 | |a (BL)018932732 | ||
| 040 | |a DE-627 |b ger |c DE-627 |e rda | ||
| 041 | |a eng | ||
| 044 | |c XD-US | ||
| 050 | 0 | |a LB2345.3.R37 | |
| 082 | 0 | |a 371.782 | |
| 082 | 0 | |a 371.7/82 |q LOC |2 23 | |
| 084 | |a 2,1 |2 ssgn | ||
| 084 | |a 71.33 |2 bkl | ||
| 100 | 1 | |a Minister, M. Cooper |d 1983- |e VerfasserIn |0 (DE-588)1053952007 |0 (DE-627)790838702 |0 (DE-576)409771333 |4 aut | |
| 109 | |a Minister, M. Cooper 1983- |a Minister, Meredith 1983- | ||
| 245 | 1 | 0 | |a Rape culture on campus |c Meredith Minister |
| 264 | 1 | |a Lanham |a Boulder |a New York |a London |b Lexington Books |c 2018 | |
| 300 | |a xxxi, 149 Seiten |c 23 cm | ||
| 336 | |a Text |b txt |2 rdacontent | ||
| 337 | |a ohne Hilfsmittel zu benutzen |b n |2 rdamedia | ||
| 338 | |a Band |b nc |2 rdacarrier | ||
| 500 | |a Includes bibliographical references and index | ||
| 520 | |a "This book explores the failures of existing responses to sexual violence on university campuses and advocates for more long-term interventions. Written for educators, administrators, activists, and students, this book exposes the various aspects of rape culture in academic life" -- | ||
| 520 | |a Untying the knot of rape culture -- Purity culture -- Violence and policing -- Rape on campus -- Exploring institutional structures -- Assumptions of autonomy in co-curricular responses to sexual violence -- Sexual violence and the classroom -- De-individualizing sexual violence in the classroom: trauma and the trigger warning debates -- Transforming rape culture through the classroom | ||
| 583 | 1 | |a Archivierung/Langzeitarchivierung gewährleistet |f SSG |x XA-DE-BW |2 pdager |5 DE-21 | |
| 650 | 0 | |a Rape in universities and colleges |x Prevention | |
| 650 | 0 | |a Sex crimes |x Prevention | |
| 650 | 0 | |a Critical Pedagogy | |
| 689 | 0 | 0 | |d s |0 (DE-588)4300401-5 |0 (DE-627)104107545 |0 (DE-576)211028495 |a Campus |2 gnd |
| 689 | 0 | 1 | |d s |0 (DE-588)4042696-8 |0 (DE-627)104174900 |0 (DE-576)209052031 |a Vergewaltigung |2 gnd |
| 689 | 0 | 2 | |d s |0 (DE-588)4076308-0 |0 (DE-627)104364106 |0 (DE-576)209201428 |a Prävention |2 gnd |
| 689 | 0 | 3 | |d s |0 (DE-588)4137945-7 |0 (DE-627)105646253 |0 (DE-576)209681934 |a Kritische Pädagogik |2 gnd |
| 689 | 0 | |5 DE-101 | |
| 689 | 1 | 0 | |d s |0 (DE-588)4300401-5 |0 (DE-627)104107545 |0 (DE-576)211028495 |a Campus |2 gnd |
| 689 | 1 | 1 | |d s |0 (DE-588)4042696-8 |0 (DE-627)104174900 |0 (DE-576)209052031 |a Vergewaltigung |2 gnd |
| 689 | 1 | 2 | |d s |0 (DE-588)4076308-0 |0 (DE-627)104364106 |0 (DE-576)209201428 |a Prävention |2 gnd |
| 689 | 1 | 3 | |d s |0 (DE-588)4137945-7 |0 (DE-627)105646253 |0 (DE-576)209681934 |a Kritische Pädagogik |2 gnd |
| 689 | 1 | |5 (DE-627) | |
| 776 | 1 | |z 9781498565158 |c ePub ebook : No price | |
| 856 | 4 | 2 | |u https://swbplus.bsz-bw.de/bsz511444524inh.htm |m V:DE-576;B:DE-21 |q application/pdf |v 20181214140744 |3 Inhaltsverzeichnis |7 1 |
| 856 | 4 | 2 | |u https://swbplus.bsz-bw.de/bsz511444524kla.htm |m V:DE-576;B:DE-21 |q application/pdf |v 20181214140744 |3 Klappentext |7 1 |
| 936 | b | k | |a 71.33 |j Frau |x Soziologie |0 (DE-627)106412671 |
| 951 | |a BO | ||
| ELC | |b 1 | ||
| LOK | |0 000 xxxxxcx a22 zn 4500 | ||
| LOK | |0 001 3307080431 | ||
| LOK | |0 003 DE-627 | ||
| LOK | |0 004 164271903X | ||
| LOK | |0 005 20181121145037 | ||
| LOK | |0 008 181001||||||||||||||||ger||||||| | ||
| LOK | |0 040 |a DE-21 |c DE-627 |d DE-21 | ||
| LOK | |0 852 |a DE-21 | ||
| LOK | |0 852 1 |c KB 20 A 9761 |9 00 | ||
| LOK | |0 935 |a krim | ||
| LOK | |0 938 |a 1811 |f 34 | ||
| LOK | |0 939 |a 01-10-18 |b l01 | ||
| ORI | |a SA-MARC-krimdoka001.raw | ||
| SIG | |a UB: KB 20 A 9761 | ||
